000 00663nas a2200229 i 4500
001 2653
003 ES-MaACL
005 20250807062542.0
007 t|
008 950801d1879 sp ar p | 1 |spa d
245 0 0 _aAlmanaque médico.
260 _a[S.l :
_bs.n,
_c1879]
300 _a1 v. ;
_c19 cm.
310 _aAnual
530 _aDisponible en formato digital.
650 7 _aMedicina
_2embne
_914891
852 4 _aES-MaACL
_jT-304-F-4
_z- Falto de portada
856 4 _uhttps://prensahistorica.mcu.es/es/consulta/registro.do?id=1029745
_zBiblioteca Virtual de Prensa Histórica
866 0 _o1879.
942 _2udc
_cPERIODICA
999 _c2653
_d2653